000 00935nam a2200289 i 4500
003 EG-GICUC
005 20260121101203.0
008 251110s1988 us ||||fr ||| 00| 0 eng d
020 _a92-1-142137-3
040 _aEG-GICUC
_cEG-GICUC
_dEG-GICUC
_erda
_beng
041 0 _aeng
082 0 4 _221
_a341.23
_bUN . U
092 0 4 _221
099 _aLaw1 11 341.23 UN . U 1988
110 _kUnited Nations
_eAuthor.
245 1 2 _aThe United Nations General Assembly And Disarmament 1987 /
_cUnited Nations.
264 0 _aUnited States :
_bUnited Nations Department For Disarmament Affairs,
_c1988 .
300 _a184 Pages ;
_c30 cm.
336 _atext
_2rda content
337 _aComputer
_2rda media
338 _aOnline Resource
_2rda carrier
546 _aText in English
650 0 4 _aPublic international law
856 _uhttps://fll.law.cu.edu.eg/fulltext/th/B11-06355.pdf
905 _a59
_eHassnaa
942 _2ddc
_cBK
_e21
_n0
999 _c42137
_d42137